000 00669cam a22002053a 4500
001 38891
003 PGUSA
005 20140828083847.0
008 120215s2012||||xxu|||||s|||||000 | eng d
040 _aPGUSA
_beng
042 _adc
100 1 _aKnight, E. F.
_q(Edward Frederick),
_d1852-1925
245 1 4 _aThe Cruise of the 'Alerte' :
_bThe narrative of a search for treasure on the desert island of Trinidad
_h[electronic resource] /
_cE. F. Knight
260 _bProject Gutenberg,
_c2012
506 _aPublic domain in the USA.
516 _aElectronic text
830 0 _aProject Gutenberg
_v38891
856 4 0 _uhttp://www.gutenberg.org/ebooks/38891
942 _cEB
999 _c268145
_d268145